The view from Alameda Island / Robyn Carr.
From the outside looking in, Lauren Delaney has a life to envy—a successful career, a solid marriage to a prominent surgeon and two beautiful daughters who are off to good colleges. But on her twenty-fourth wedding anniversary Lauren makes a decision that will change everything. Lauren won’t pretend things are perfect anymore. She defies the controlling husband who has privately mistreated her throughout their marriage and files for divorce. And as she starts her new life, she meets a kindred spirit—a man who is also struggling with the decision to end his unhappy marriage. But Lauren’s husband wants his “perfect” life back and his actions are shocking. Facing an uncertain future, Lauren discovers an inner strength she didn’t know she had as she fights for the love and happiness she deserves.
Record details
- ISBN: 9781432858056
- ISBN: 143285805X
- Physical Description: 479 pages (large print) ; 23 cm.
- Edition: Large print edition.
- Publisher: Waterville, Maine : Thorndike Press Large Print, 2019.
Search for related items by subject
| Subject: | Self-actualization (Psychology) in women > Fiction. Abused wives > Fiction. Life change events > Fiction. Man-woman relationships > Fiction. Alameda (Calif.) > Fiction. |
| Genre: | Domestic fiction. Romance fiction. |
Available copies
- 1 of 1 copy available at scottsboropl.
Holds
- 0 current holds with 1 total copy.
Other Formats and Editions
Show Only Available Copies
| Location | Call Number / Copy Notes | Barcode | Shelving Location | Status | Due Date |
|---|---|---|---|---|---|
| scottsboropl | F Car | 32269001116386 | Adult - Fiction | Available | - |
| LDR | 01826cam a22003978i 4500 | ||
|---|---|---|---|
| 001 | 151260 | ||
| 003 | SBPL | ||
| 005 | 20190612071403.0 | ||
| 008 | 190308t20192019meu d 000 1 eng | ||
| 010 | . | ‡a 2019009739 | |
| 020 | . | ‡a9781432858056 ‡q(large print : hardback) | |
| 020 | . | ‡a143285805X ‡q(large print : hardback) | |
| 035 | . | ‡a(CONS)151260 | |
| 035 | . | ‡a(OCoLC)1089881961 ‡z(OCoLC)1099978369 ‡z(OCoLC)1104162526 ‡z(OCoLC)1119746592 ‡z(OCoLC)1302368309 ‡z(OCoLC)1303755715 ‡z(OCoLC)1467379160 ‡z(OCoLC)1519785795 | |
| 050 | 1 | 0. | ‡aPS3553.A76334 ‡bV54 2019 |
| 082 | 0 | 0. | ‡a813/.54 ‡223 |
| 100 | 1 | . | ‡aCarr, Robyn,: ‡eauthor. |
| 245 | 1 | 4. | ‡aThe view from Alameda Island / ‡cRobyn Carr. |
| 250 | . | ‡aLarge print edition. | |
| 264 | 1. | ‡aWaterville, Maine : ‡bThorndike Press Large Print, ‡c2019. | |
| 300 | . | ‡a479 pages (large print) ; ‡c23 cm. | |
| 336 | . | ‡atext ‡btxt ‡2rdacontent | |
| 337 | . | ‡aunmediated ‡bn ‡2rdamedia | |
| 338 | . | ‡avolume ‡bnc ‡2rdacarrier | |
| 340 | . | ‡nlarge print ‡n16 point ‡2rdafs | |
| 520 | . | ‡aFrom the outside looking in, Lauren Delaney has a life to envy—a successful career, a solid marriage to a prominent surgeon and two beautiful daughters who are off to good colleges. But on her twenty-fourth wedding anniversary Lauren makes a decision that will change everything. Lauren won’t pretend things are perfect anymore. She defies the controlling husband who has privately mistreated her throughout their marriage and files for divorce. And as she starts her new life, she meets a kindred spirit—a man who is also struggling with the decision to end his unhappy marriage. But Lauren’s husband wants his “perfect” life back and his actions are shocking. Facing an uncertain future, Lauren discovers an inner strength she didn’t know she had as she fights for the love and happiness she deserves. | |
| 650 | 0. | ‡aSelf-actualization (Psychology) in women ‡vFiction. | |
| 650 | 0. | ‡aAbused wives ‡vFiction. | |
| 650 | 0. | ‡aLife change events ‡vFiction. | |
| 650 | 0. | ‡aMan-woman relationships ‡vFiction. | |
| 651 | 0. | ‡aAlameda (Calif.) ‡vFiction. | |
| 655 | 7. | ‡aDomestic fiction. ‡2lcgft | |
| 655 | 7. | ‡aRomance fiction. ‡2lcgft | |
| 901 | . | ‡a151260 ‡bUnknown ‡c151260 ‡tbiblio | |